[Event "Manny Pacquiao op"]
[Site "General Santos City"]
[Date "2022.12.14"]
[Round "4"]
[White "Tambasen, Mary Grace"]
[Black "Ceres, Dragos"]
[Result "0-1"]
[WhiteElo "1714"]
[BlackElo "2412"]
[PlyCount "72"]
[EventDate "2022.12.13"]
[EventType "swiss"]
[EventRounds "9"]
[EventCountry "PHI"]
[SourceTitle "EXT 2024"]
[Source "ChessBase"]
[SourceDate "2023.10.10"]
[SourceVersion "1"]
[SourceVersionDate "2023.10.10"]
[SourceQuality "1"]

1. Nf3 Nf6 2. d3 d5 3. Nbd2 e6 4. g3 c5 5. c3 Nc6 6. Bg2 Be7 7. 0-0 0-0 8. Re1 b5 9. a4 b4 10. e4 bxc3 11. bxc3 Ba6 12. e5 Nd7 13. Nf1 Qc7 14. d4 cxd4 15. cxd4 Rfc8 16. h4 Nb4 17. Ne3 Nd3 18. Bd2 Nxe1 19. Qxe1 Rab8 20. Nh2 Qb6 21. Nf3 Bd3 22. Ba5 Qb2 23. Rd1 Be4 24. Kh2 Bb4 25. Bxb4 Rxb4 26. Ng5 Bxg2 27. Kxg2 Rxd4 28. Rb1 Qd2 29. Qf1 Nxe5 30. Qa6 Rf8 31. Qxa7 Rb4 32. Rd1 Qb2 33. a5 h6 34. Nh3 d4 35. Nf1 Qe2 36. Rd2 Qe4+ 0-1

[Event "Manny Pacquiao op"]
[Site "General Santos City"]
[Date "2022.12.13"]
[Round "1"]
[White "Salcedo, Richilieu"]
[Black "Tambasen, Mary Grace"]
[Result "1-0"]
[WhiteElo "2314"]
[BlackElo "1714"]
[PlyCount "127"]
[EventDate "2022.12.13"]
[EventType "swiss"]
[EventRounds "9"]
[EventCountry "PHI"]
[SourceTitle "EXT 2024"]
[Source "ChessBase"]
[SourceDate "2023.10.10"]
[SourceVersion "1"]
[SourceVersionDate "2023.10.10"]
[SourceQuality "1"]

1. c4 c5 2. Nc3 Nf6 3. g3 g6 4. Bg2 Bg7 5. e4 0-0 6. Nge2 d6 7. d3 Nc6 8. h3 e5 9. 0-0 Be6 10. f4 exf4 11. Nxf4 Qd7 12. Kh2 h6 13. Ncd5 Kh7 14. Nxf6+ Bxf6 15. Nh5 Bh8 16. Nf6+ Bxf6 17. Rxf6 Qe7 18. Rf1 f5 19. b3 Qg7 20. Bf4 Ne5 21. Kh1 Rad8 22. d4 cxd4 23. Qxd4 g5 24. exf5 gxf4 25. fxe6 f3 26. Qe4+ Kh8 27. Bxf3 Rxf3 28. Rxf3 Nxf3 29. Rf1 Ne5 30. g4 Re8 31. Qd5 Qe7 32. Rd1 Qh4 33. Kg2 Rf8 34. Rf1 Rxf1 35. Kxf1 Qxh3+ 36. Ke1 Qe3+ 37. Kd1 Qg1+ 38. Kc2 Qxg4 39. Qxd6 Qe4+ 40. Kc3 Kg7 41. Qe7+ Kg6 42. Kb2 h5 43. Qf8 Kg5 44. e7 Qd4+ 45. Kc2 Qd3+ 46. Kb2 Qd2+ 47. Kb1 Ng6 48. e8Q Qd3+ 49. Kb2 Nxf8 50. Qxf8 h4 51. Qg7+ Kf4 52. Qxb7 Qd4+ 53. Ka3 h3 54. Qc7+ Kf3 55. c5 a5 56. Qd6 Qb4+ 57. Kb2 Kg2 58. Qd5+ Kf2 59. c6 h2 60. c7 Qg4 61. Qc5+ Kg2 62. c8Q Qg7+ 63. Qc3 Qxc3+ 64. Qxc3 1-0